Pensamiento educativo de Jaime Torres Bodet / (Registro nro. 118990)
[ vista simple ]
| 000 -LEADER | |
|---|---|
| fixed length control field | 00579cam a2200205 4500 |
| 008 - FIXED-LENGTH DATA ELEMENTS--GENERAL INFORMATION | |
| fixed length control field | 1985 spa |
| 020 ## - INTERNATIONAL STANDARD BOOK NUMBER | |
| International Standard Book Number | 968-6011-85-4 |
| 050 #4 - LIBRARY OF CONGRESS CALL NUMBER | |
| Classification number | LA422 |
| Item number | P46 1985 |
| 245 #0 - TITLE STATEMENT | |
| Title | Pensamiento educativo de Jaime Torres Bodet / |
| Statement of responsibility, etc | antologia de Valentina Torres Septien. |
| 260 ## - PUBLICATION, DISTRIBUTION, ETC. (IMPRINT) | |
| Place of publication, distribution, etc | México : |
| Name of publisher, distributor, etc | SEP, |
| Date of publication, distribution, etc | 1985 |
| 300 ## - PHYSICAL DESCRIPTION | |
| Extent | 157 p. ; |
| Dimensions | 21 cm. |
| 440 #0 - SERIES STATEMENT/ADDED ENTRY--TITLE | |
| Title | Biblioteca Pedagogica |
| 500 ## - GENERAL NOTE | |
| General note | 1 ejem. |
| 505 ## - FORMATTED CONTENTS NOTE | |
| Formatted contents note | BFIL |
| 650 #4 - SUBJECT ADDED ENTRY--TOPICAL TERM | |
| Topical term or geographic name as entry element | Educacion |
| General subdivision | Mexico |
| 700 1# - ADDED ENTRY--PERSONAL NAME | |
| Personal name | Torres Septien, Valentina |
| 942 ## - ADDED ENTRY ELEMENTS (KOHA) | |
| Source of classification or shelving scheme | Biblioteca del Cogreso de los Estados Unidos |
| Koha item type | Libro |
| Estado de pérdida | Fuente de clasificación | Estado del daño | No para préstamo | Ubicación permanente | Ubicación actual | Apartado o colección | Fecha de adquisición | Edición | Dependencia de educación superior (DES) | Área del conocimiento | Clasificación | Código de Barras | Date last seen | Número de copia | Tipo de recurso |
|---|---|---|---|---|---|---|---|---|---|---|---|---|---|---|---|
| Biblioteca del Cogreso de los Estados Unidos | Biblioteca de la Facultad de Filosofía | Biblioteca de la Facultad de Filosofía | General | 08/08/2016 | 1a. ed. | Humanidades | Educación y Humanidades | LA422 P46 1985 | BFF000017241 | 08/08/2016 | C:1 | Libro |